Estatísticas para Municípios de Roraima em um Mapa

Clique aqui para jogar o quiz

Estatísticas Gerais

  • Esse quiz foi jogado 709 vezes
  • A pontuação média é 9 de 15

Respostas no mapa

Respostas codificadas por cores de uma escala verde-vermelha no mapa do quiz de acordo com a % correta abaixo.
 

Estatísticas das Respostas

Município% Correto
Boa Vista
98%
Rorainópolis
72%
Caracaraí
71%
Pacaraima
68%
São Luiz
58%
Alto Alegre
57%
Uiramutã
57%
Bonfim
54%
Normandia
54%
Amajari
52%
Cantá
51%
Mucajaí
51%
Iracema
49%
São João da Baliza
47%
Caroebe
43%

Distribuição das Pontuações

Percentil de Números Respondidos

Porcentagem de Pessoas com Cada Pontuação

Sua Pontuação Histórica

Você não jogou esse quiz